Gli ordinamenti giuridici del rinacimento medievale

Uloženo v:
Podrobná bibliografie
Hlavní autor: Calasso, Francesco (Autor)
Médium: Kniha
Jazyk:italština
Vydáno: Milán Dott. A. Giuffrè 1949
Vydání:2a. ed
Témata:
Tagy: Přidat tag
Žádné tagy, Buďte první, kdo vytvoří štítek k tomuto záznamu!

MARC

LEADER 00000nam a2200000 a 4500
001 UCR2925
003 CL-VaPUC
008 980116e19490000IT |||||||||||||||||ita|d
082 0 4 |a 340.55  |b CAL  |2 21 
100 0 |a Calasso, Francesco  |e author  |9 401444 
245 1 4 |a Gli ordinamenti giuridici del rinacimento medievale 
250 |a 2a. ed 
300 |a 322 p 
942 |c BK 
945 |d 19980116 00:00:00  |a crobeson 
260 |a Milán  |b Dott. A. Giuffrè  |c 1949 
650 0 |a Historia del derecho  |9 255109 
650 0 |a Derecho medieval  |9 314261 
650 0 |a Ordenamiento jurídico   |9 355371 
650 0 |a Estado  |9 255503 
583 |a last modification  |c 19980116 00:00:00  |k Rodrigo Vera 
999 |c 266046  |d 266044 
952 |0 0  |1 0  |4 0  |6 340_550000000000000_CAL_1949  |7 0  |8 DER_HIS  |9 297336  |a BIBDER  |b BIBDER  |d 2019-11-20  |i 1933051  |l 1  |o 340.55 CAL 1949  |p 1933051  |r 2023-01-25  |s 2020-03-19  |w 2019-11-20  |x Ubicación 4to Piso  |y BK  |z Estos recursos deben solicitarse con anticipación  |k DER